000 00740nam a2200205 i 4500
001 78592
003 ES-MaACL
005 20230906173746.0
007 t|
008 041015s1918 sp ||||1| spa d
100 1 _aHebbel, Friedrich (
_d1813-1863)
_9157462
245 1 0 _aJudith
_b: tragedia en cinco actos /
_cFriedrich Hebbel ; estudio preliminar de Jacinto Grau ; prólogo de Ricardo Baeza ; traducción de R. Baeza y K. Rosemberg.
260 _aMadrid :
_b[s.n.,
_c1918] (
_fImp. Clásica Española)
300 _aLXIV, 182 p. ;
_c16 cm.
700 1 _aGrau, Jacinto,
_d1877-1958
_959732
700 1 _aBaeza, Ricardo,
_d1890-1956
_924620
700 1 _aRosemberg, K.
_999705
852 _aES-MaACL
_jF-273
999 _c78592
_d78592